| 000 | 00426nam a2200169Ia 4500 | ||
|---|---|---|---|
| 003 | STCL | ||
| 008 | 181203s9999 xx 000 0 und d | ||
| 020 | _a9781107648890 | ||
| 040 |
_aSTCL _bEN _cSTCL |
||
| 082 | _222 | ||
| 100 | _aShroff, Gautam | ||
| 245 | 0 | _aEnterprise Cloud Computing: Technology, Architecture, Applications | |
| 260 |
_bCambridge _aDelhi _c2017 |
||
| 300 | _a273 | ||
| 546 | _aEnglish | ||
| 942 |
_2ddc _cBK |
||
| 999 |
_c86791 _d86791 |
||